00391nam a2200157Ia 45000010006000000050017000060080041000230410008000640820015000721000051000872450042001382600009001803000028001896500008002176540008002251916820260306171724.0260306s9999||||xx |||||||||||||| ||und|| aESP a658.8bS16 aSainz de Vicuña Ancín, José MaríaeAUT 0aEl plan de marketing en la práctica c2015 a500 páginas :c24 cm. aGEN aCAN